000
00281nam a2200109Ia 4500
008
220120s9999||||xx |||||||||||||| ||und||
100
_a
Praveen Kestoor
245
0
_a
Applied Thermodynamics
260
_a
Suggi publication
_b
New Delhi
300
_a
572p.
_b
0
650
_a
GENERAL BOOKS
999
_c
137361
_d
137361